Physics to fish: understanding the factors that create and sustain native fish habitat in the San Francisco estuary /

Bibliographic Details
Main Author: Brown, Larry R. (Author)
Corporate Authors: Water Availability and Use Science Program (U.S.), United States. Bureau of Reclamation
Format: Government Document eBook
Language:English
Published: Reston, Virginia : U.S. Department of the Interior, U.S. Geological Survey, 2024.
Series:U.S. Geological Survey open-file report ; 2023-1087.
Subjects:
Online Access:https://purl.fdlp.gov/GPO/gpo233059

MARC

Tag First Indicator Second Indicator Subfields
LEADER 00000nam a2200000 i 4500
001 in00005609986
006 m o d f
007 cr |||||||||||
008 241023s2024 vauab ob f000 0 eng c
005 20241219164211.8
035 |a (OCoLC)on1463400284 
040 |a GPO  |b eng  |e rda  |e pn  |c GPO  |d MvI 
042 |a pcc 
043 |a n-us-ca 
049 |a WWW 
074 |a 0624-H (online) 
086 0 |a I 19.76:2023-1087 
100 1 |a Brown, Larry R.,  |0 https://id.loc.gov/authorities/names/n96041670  |e author. 
245 1 0 |a Physics to fish: understanding the factors that create and sustain native fish habitat in the San Francisco estuary /  |c by Larry R. Brown [and seventeen others]. 
264 1 |a Reston, Virginia :  |b U.S. Department of the Interior, U.S. Geological Survey,  |c 2024. 
300 |a 1 online resource (xiv, 150 pages) :  |b color illustrations, color maps. 
336 |a text  |b txt  |2 rdacontent 
337 |a computer  |b c  |2 rdamedia 
338 |a online resource  |b cr  |2 rdacarrier 
490 1 |a Open-file report,  |x 2331-1258 ;  |v 2023-1087 
500 |a In scope of the U.S. Government Publishing Office Cataloging and Indexing Program (C&I) and Federal Depository Library Program (FDLP). 
500 |a "Water Availability and Use Science Program." 
500 |a "Prepared in cooperation with the Bureau of Reclamation." 
500 |a GPO Cataloging Record Distribution Program (CRDP). 
504 |a Includes bibliographical references. 
588 |a Description based on online resource; title from PDF title page (USGS, viewed September 24, 2024). 
650 0 |a Estuarine ecology  |z California  |z San Francisco Bay Watershed. 
650 0 |a Fishes  |x Habitat  |z California  |z San Francisco Bay Watershed. 
650 0 |a Habitat (Ecology)  |z California  |z San Francisco Bay Watershed. 
650 0 |a Sedimentation and deposition  |z California  |z San Francisco Bay Watershed. 
650 0 |a Nutrient pollution of water  |z California  |z San Francisco Bay Watershed. 
710 2 |a Geological Survey (U.S.),  |0 https://id.loc.gov/authorities/names/n80092173  |e issuing body. 
710 2 |a Water Availability and Use Science Program (U.S.)  |0 https://id.loc.gov/authorities/names/no2016082768 
710 1 |a United States.  |b Bureau of Reclamation.  |0 https://id.loc.gov/authorities/names/n80126148 
830 0 |a U.S. Geological Survey open-file report ;  |0 https://id.loc.gov/authorities/names/n86714535  |v 2023-1087. 
856 4 0 |u https://purl.fdlp.gov/GPO/gpo233059  |t 0 
999 f f |i 31e4e5fa-d6c5-4652-8f96-b98ca2362a4f  |s 75469aa1-d874-4081-a0ff-65a5d11a06a7  |t 0 
952 f f |a Texas A&M University  |b College Station  |c Electronic Resources  |d Available Online  |t 0  |e I 19.76:2023-1087  |h Superintendent of Documents classification 
998 f f |a I 19.76:2023-1087  |t 0  |l Available Online